01435 a2200217 4500003000500000005001700005010001600022020002700038020002700065040000900092082001700101100001800118245005200136260003700188300003300225505067300258650003500931856009300966856008501059856007301144Nust20220815144130.0 a 98039250 a0070381852 (hardcover) a0070381860 (softcover) cNust00a621.3815,LEN1 aLenk, John D.00aCircuit troubleshooting handbookcJohn D. Lenk. aNew York :bMcGraw-Hill,cc1999. axv, 390 p. :bill. ;c25 cm. aOp –amp Circuits Troubleshooting (Page-1), OTA Circuits Troubleshooting (Page -69), Current Feedback Amplifier Circuits Troubleshooting (Page-79), Shopper Stabilized Amplifier Circuits Troubleshooting (Page-103),Wideband Tran conductance Amplifier Circuits Troubleshooting (Page-119), Audio Amplifier Circuits Troubleshooting (Page- 133), Linear Supply Circuits Troubleshooting (Page-185), Swathing Supply Circuits Troubleshooting (Page-239),Charge Pump Circuits Troubleshooting (Page-275),Data Converter Circuits Troubleshooting (Page-287),Voltage Frequency Converter Circuits Troubleshooting (Page-329), Oscillator /Generator Circuits Troubleshooting (Page-361). 0aTelecommunication Engineering.423Contributor biographical informationuhttp://www.loc.gov/catdir/bios/mh041/98039250.html423Publisher descriptionuhttp://www.loc.gov/catdir/description/mh023/98039250.html423Table of contentsuhttp://www.loc.gov/catdir/toc/mh022/98039250.html